header

Constitutionalism in the approach and aftermath of the Civil War (Record no. 13117)

MARC details
000 -LEADER
fixed length control field 01328nam a2200313Ia 4500
082 04 - DEWEY DECIMAL CLASSIFICATION NUMBER
Classification number 342.7302/909034
245 00 - TITLE STATEMENT
Title Constitutionalism in the approach and aftermath of the Civil War
260 ## - PUBLICATION, DISTRIBUTION, ETC. (IMPRINT)
Place of publication New York :
Name of publisher Fordham University Press,
Year of publication 2013.
300 ## - PHYSICAL DESCRIPTION
Number of Pages viii, 274 p.
650 #0 - SUBJECT ADDED ENTRY--TOPICAL TERM
Topical Term Constitutional history
700 1# - ADDED ENTRY--PERSONAL NAME
Personal name Moreno, Paul D.,
Personal name O'Neill, Johnathan G.
856 40 - ELECTRONIC LOCATION AND ACCESS
Uniform Resource Identifier http://site.ebrary.com/lib/rucke/Doc?id=10687101

No items available.

© 2026 Rongo University
Contact us: librarian | system librarian | Rongo university